000 00494nam a2200181Ia 4500
003 GCL
008 140319s9999 xx 000 0 eng d
020 _a0252306X
040 _aGCL /
_cGCL
082 0 4 _a380.1021
_bI D
245 1 0 _aDIRECTION OF TRADE STATISTICS
260 _aنيويورك :
_bINTERNATIONAL MONETARY FUND ،
_c2003
300 _a32 CM ؛
_c552 P
650 0 4 _aINTERNATIONAL TRADE
650 0 4 _aECONOMICS - STATISTICS
650 0 4 _aCOMMERCE - STATISTICS
942 _2ddc
_cBK
999 _c7302
_d7302